|
|
|
|
| LEADER |
00000cam a2200000 c 4500 |
| 001 |
1604529822 |
| 003 |
DE-627 |
| 005 |
20251225192020.0 |
| 007 |
tu |
| 008 |
990708s1999 xxk||||| 00| ||eng c |
| 016 |
7 |
|
|a b98V4651
|2 UK
|
| 020 |
|
|
|a 0750919264
|9 0-7509-1926-4
|
| 020 |
|
|
|a 0750925256
|9 0-7509-2525-6
|
| 035 |
|
|
|a (DE-627)1604529822
|
| 035 |
|
|
|a (DE-576)078559464
|
| 035 |
|
|
|a (DE-599)BSZ078559464
|
| 035 |
|
|
|a (OCoLC)833437928
|
| 035 |
|
|
|a (OCoLC)41244452
|
| 035 |
|
|
|a (OCoLC)614548053
|
| 040 |
|
|
|a DE-627
|b ger
|c DE-627
|e rakwb
|
| 041 |
|
|
|a eng
|
| 044 |
|
|
|c XA-GB
|
| 050 |
|
0 |
|a MLCM 2006/12369
|
| 082 |
0 |
|
|a 726.509569
|
| 082 |
0 |
|
|a 246.95
|
| 082 |
0 |
|
|a 232.964
|
| 084 |
|
|
|a 9,10
|2 ssgn
|
| 084 |
|
|
|a BO 9150
|2 rvk
|0 (DE-625)rvk/14856:
|
| 084 |
|
|
|a BC 8759
|2 rvk
|0 (DE-625)rvk/9788:
|
| 084 |
|
|
|a BC 8761
|2 rvk
|0 (DE-625)rvk/9792:
|
| 084 |
|
|
|a 21.70
|2 bkl
|
| 245 |
0 |
4 |
|a The tomb of Christ
|c Martin Biddle
|
| 250 |
|
|
|a 1. publ.
|
| 263 |
|
|
|a : £25.00 : Formerly CIP
|
| 264 |
|
1 |
|a Stroud
|b Sutton
|c 1999
|
| 300 |
|
|
|a XII, 172 S.
|b zahlr. Ill., Kt.
|
| 336 |
|
|
|a Text
|b txt
|2 rdacontent
|
| 337 |
|
|
|a ohne Hilfsmittel zu benutzen
|b n
|2 rdamedia
|
| 338 |
|
|
|a Band
|b nc
|2 rdacarrier
|
| 500 |
|
|
|a Includes bibliographical references and index
|
| 583 |
1 |
|
|a Archivierung prüfen
|c 20200919
|f DE-640
|z 3
|2 pdager
|
| 583 |
1 |
|
|a Archivierung/Langzeitarchivierung gewährleistet
|f SSG
|x XA-DE-BW
|2 pdager
|5 DE-16
|
| 583 |
1 |
|
|a Archivierung prüfen
|c 20240324
|f DE-4165
|z 1
|2 pdager
|
| 653 |
|
0 |
|a Church of the Holy Sepulchre (Jerusalem)
|
| 653 |
|
0 |
|a Jerusalem
|a Antiquities
|
| 689 |
0 |
0 |
|d g
|0 (DE-588)4073018-9
|0 (DE-627)106093614
|0 (DE-576)209189002
|2 gnd
|a Grabeskirche Jerusalem
|g Jerusalem
|
| 689 |
0 |
1 |
|d s
|0 (DE-588)4129464-6
|0 (DE-627)104660694
|0 (DE-576)209610735
|2 gnd
|a Ausgrabung
|
| 689 |
0 |
|
|5 (DE-627)
|
| 689 |
1 |
0 |
|d g
|0 (DE-588)4073018-9
|0 (DE-627)106093614
|0 (DE-576)209189002
|2 gnd
|a Grabeskirche Jerusalem
|g Jerusalem
|
| 689 |
1 |
1 |
|d s
|0 (DE-588)4006471-2
|0 (DE-627)106377442
|0 (DE-576)208865667
|2 gnd
|a Biblische Archäologie
|
| 689 |
1 |
|
|5 (DE-627)
|
| 689 |
2 |
0 |
|d g
|0 (DE-588)4073018-9
|0 (DE-627)106093614
|0 (DE-576)209189002
|2 gnd
|a Grabeskirche Jerusalem
|g Jerusalem
|
| 689 |
2 |
1 |
|d s
|0 (DE-588)4002851-3
|0 (DE-627)104280352
|0 (DE-576)208848975
|2 gnd
|a Architektur
|
| 689 |
2 |
2 |
|q z
|2 gnd
|a Geschichte
|
| 689 |
2 |
|
|5 (DE-627)
|
| 689 |
3 |
0 |
|d g
|0 (DE-588)4127315-1
|0 (DE-627)104116579
|0 (DE-576)209592605
|g Heiliges Grab
|2 gnd
|a Grabeskirche Jerusalem
|x Heiliges Grab
|
| 689 |
3 |
|
|5 (DE-627)
|
| 700 |
1 |
|
|8 1\p
|0 (DE-588)1056272724
|0 (DE-627)794551335
|0 (DE-576)412619970
|4 oth
|a Biddle, Martin
|d 1937-
|
| 787 |
0 |
8 |
|i Rezensiert in
|a Pringle, Denys
|t The tomb of Christ. By Martin Biddle. Pp. xii+172 incl. 103 figs (black-and-white and colour plates)+front and rear endpapers. Stroud: Sutton Publishing, 1999. £25. 0 7509 1926 4
|d 2001
|w (DE-627)1784687774
|
| 787 |
0 |
8 |
|i Rezensiert in
|a Murphy-O'Connor, J., 1935 - 2013
|t [Rezension von: Biddle, Martin, The Tomb of Christ]
|d 1999
|w (DE-627)1821495349
|
| 883 |
|
|
|8 1\p
|a cgwrk
|d 20241001
|q DE-101
|u https://d-nb.info/provenance/plan#cgwrk
|
| 889 |
|
|
|w (DE-627)251620468
|
| 935 |
|
|
|a mteo
|
| 935 |
|
|
|i mdedup
|
| 936 |
r |
v |
|a BO 9150
|b Aelia (Jerusalem)
|k Theologie und Religionswissenschaften
|k Patrologie und Kirchengeschichte
|k Christliche Archäologie und Kunstgeschichte
|k Städte
|k Aelia (Jerusalem)
|0 (DE-627)1270752197
|0 (DE-625)rvk/14856:
|0 (DE-576)200752197
|
| 936 |
r |
v |
|a BC 8759
|b Sonstige
|k Theologie und Religionswissenschaften
|k Bibelwissenschaft
|k Israel und das biblische Palästina
|k Biblische Archäologie
|k Ausgrabungsberichte
|k Sonstige
|0 (DE-627)1270713981
|0 (DE-625)rvk/9788:
|0 (DE-576)200713981
|
| 936 |
r |
v |
|a BC 8761
|b Jerusalem (archäologisch, historisch, geographisch)
|k Theologie und Religionswissenschaften
|k Bibelwissenschaft
|k Israel und das biblische Palästina
|k Landeskunde, Topografie
|k Gesamtdarstellungen
|k Jerusalem (archäologisch, historisch, geographisch)
|0 (DE-627)1270714007
|0 (DE-625)rvk/9792:
|0 (DE-576)200714007
|
| 936 |
b |
k |
|a 21.70
|j Geschichte der Sakralbaukunst
|0 (DE-627)106421255
|
| 951 |
|
|
|a BO
|
| BIB |
|
|
|a 1
|
| ELC |
|
|
|b 1
|
| ORI |
|
|
|a SA-MARC-ixtheo_oa001.raw
|
| REF |
|
|
|a Architekturgeschichte
|
| REL |
|
|
|a 1
|
| STA |
0 |
0 |
|a Architecture,Architecture,Biblical archaeology,Excavation,Excavation,History,History,History in art
|
| STB |
0 |
0 |
|a Architecture,Architecture,Archéologie biblique,Fouille,Fouille,Histoire,Histoire,Histoire
|
| STC |
0 |
0 |
|a Arqueología bíblica,Arquitectura,Arquitectura,Excavación,Excavación,Excavación,Historia,Historia,Historia
|
| STD |
0 |
0 |
|a Archeologia biblica,Architettura,Architettura,Scavi archeologici,Scavi archeologici,Storia,Storia
|
| STE |
0 |
0 |
|a 历史,史,圣经考古学,建筑,挖掘
|
| STF |
0 |
0 |
|a 建築,挖掘,歷史,史,聖經考古學
|
| STG |
0 |
0 |
|a Arqueologia bíblica,Arquitetura,Arquitetura,Escavação,Escavação,História,História
|
| STH |
0 |
0 |
|a Архитектура (мотив),Архитектура,Библейская археология,История (мотив),История,Раскопки (мотив),Раскопки
|
| STI |
0 |
0 |
|a Ανασκαφή (μοτίβο),Ανασκαφή,Αρχιτεκτονική (μοτίβο),Αρχιτεκτονική,Βιβλική αρχαιολογία,Ιστορία (μοτίβο),Ιστορία
|
| SUB |
|
|
|a BIB
|a REL
|
| SYG |
0 |
0 |
|a Calvarienberg-Kapelle,Heilige Grabeskirche,Kirche vom heiligen Grab,Auferstehungskirche,Jerusalem,Jerusalem,Heiliges Grab , Grabung,Archäologische Grabung,Ausgrabungen,Grabungen , Calvarienberg-Kapelle,Heilige Grabeskirche,Kirche vom heiligen Grab,Auferstehungskirche,Jerusalem,Jerusalem,Heiliges Grab , Archäologie,Biblische Altertumskunde , Calvarienberg-Kapelle,Heilige Grabeskirche,Kirche vom heiligen Grab,Auferstehungskirche,Jerusalem,Jerusalem,Heiliges Grab , Baukunst , History,Geschichtliche Epoche,Historical development,Historische Entwicklung,Landesgeschichte,Regionalgeschichte,Ortsgeschichte,Zeitgeschichte , Calvarienberg-Kapelle,Heilige Grabeskirche,Kirche vom heiligen Grab,Auferstehungskirche,Jerusalem,Jerusalem,Heiliges Grab
|